Đánh giá sự hài lòng của người dân về chất lượng dịch vụ hành chính công ở lĩnh vực đất đai tại quận Ninh Kiều, thành phố Cần Thơ : Luận văn Thạc sĩ. Ngành quản lý kinh tế

Nghiên cứu này được thực hiện nhằm đánh giá sự hài lòng của người dân khi tham gia giải quyết các thủ tục hành chính công ở lĩnh vực đất đai tại quận Ninh Kiều, thành phố Cần Thơ. Với các mục tiêu cụ thể là hoàn thiện những vấn đề...

Cijeli opis

Spremljeno u:
Bibliografski detalji
Glavni autor: Lê, Kim Phụng
Format: Knjiga
Jezik:Undetermined
Izdano: Cần Thơ Trường Đại học Cần Thơ 2020
Teme:
Oznake: Dodaj oznaku
Bez oznaka, Budi prvi tko označuje ovaj zapis!
Thư viện lưu trữ: Trung tâm Học liệu Trường Đại học Cần Thơ
LEADER 02017nam a2200241Ia 4500
001 CTU_236565
008 210402s9999 xx 000 0 und d
082 |a 352.2 
082 |b Ph534 
088 |a 8340101 
100 |a Lê, Kim Phụng 
245 0 |a Đánh giá sự hài lòng của người dân về chất lượng dịch vụ hành chính công ở lĩnh vực đất đai tại quận Ninh Kiều, thành phố Cần Thơ : 
245 0 |b Luận văn Thạc sĩ. Ngành quản lý kinh tế 
245 0 |c Lê Kim Phung ; Bùi Văn Trịnh (cán bộ hướng dẫn) 
260 |a Cần Thơ 
260 |b Trường Đại học Cần Thơ 
260 |c 2020 
520 |a Nghiên cứu này được thực hiện nhằm đánh giá sự hài lòng của người dân khi tham gia giải quyết các thủ tục hành chính công ở lĩnh vực đất đai tại quận Ninh Kiều, thành phố Cần Thơ. Với các mục tiêu cụ thể là hoàn thiện những vấn đề lý luận và thực tiễn liên quan đến sự hài lòng của người dân đối với dịch vụ hành chính công, phân tích sự hài lòng của người dân đối với dịch vụ hành chính công về lĩnh vực đất đai tại quận Ninh Kiều, thành phố Cần Thơ, đề xuất một số giải pháp để UBND quận Ninh Kiều nâng cao chất lượng dịch vụ nhằm nâng cao sự hài lòng của người dân đối với chất lượng dịch vụ hành chính công về lĩnh vực đất đai tại quận Ninh Kiều. 
650 |a Hành chính công,Public administration 
650 |z Việt Nam,Viet Nam 
904 |i Tuyến 
910 |c tvtrong 
980 |a Trung tâm Học liệu Trường Đại học Cần Thơ